000
00287 a2200121 4500
001
64377
082
_a
332.1 AUE
090
_c
38009
_d
38009
100
_a
Auerbach Robert d
245
_a
Money, Banking and Financial Markets
260
_a
NY
_b
Macmillan Pub
_c
1988
300
_a
832 P
942
_a
NUST-CAE
_k
332.1 AUE
999
_c
299450
_d
299450